• 首页
  • 本馆介绍
  • 公告通知
  • 最新文献
  • 馆藏检索
  • 电子资源
  • 读者导购
  • 参考咨询
  • 我的图书馆
  • 登录
  • 详细信息显示
  • 放入我的书架
  • 预约/预借图书
  • 作者相关作品
  • 分类相关作品
  • 丛书相关作品
  • 出版社相关作品

书目信息

  • 表格格式
  • 工作单格式
  • 卡片格式
题名:
最新日语
    
 
作者: ;张生林 , 杨寿聃 编译 ;日本国际学友会 编
分册: 第1册  
出版信息: 北京   北京出版社  1987
页数: 860页
开本: 20cm
丛书名:
单 册:
中图分类: H36
科图分类:
主题词: 日语--中等教育--教材
电子资源:
ISBN: 7-200-00119-8
000 00751nam0 2200253 45
001 0187004460
005 20040510153541.1
010    @a7-200-00119-8@dCNY6.05
100    @a19900808d1987 em y0chiy0121 ea
101 1  @achi@cjpn
102    @aCN@b110000
105    @ay z 000yy
106    @ar
200 10 @a最新日语@Azui xin ri yu@h第1册@f日本国际学友会编@g张生林, 杨寿聃编译
210    @a北京@c北京出版社@d1987
215    @a860页@d20cm
606    @a日语@x中等教育@x教材
690    @aH36@v3
702  0 @a张生林@Azhang sheng lin@4编译
702  0 @a杨寿聃@Ayang shou dan@4编译
711 02 @a日本国际学友会@Ari ben guo ji xue you hui@4编
801  0 @aCN@b深圳图书馆@c20040510
801  2 @aCN@bNLC@c20040510
905    @f2@b205817-818@dH36@e168:1
    
    最新日语.第1册/日本国际学友会编/张生林, 杨寿聃编译.-北京:北京出版社,1987
    860页;20cm
    
    
    ISBN 7-200-00119-8:CNY6.05
    
●
相关链接 在E读中查询图书 在五车中查询图书 在当当中查询图书 在豆瓣中查询图书


正题名:最新日语     索取号:H36/168:1         预约/预借

序号 登录号 条形码 馆藏地/架位号 状态 备注
1 0205817   001167800   第四借阅区/ [索取号:H36/168:1] 在馆    
2 0205818   001167793   第四借阅区/ [索取号:H36/168:1] 在馆    
3 0205819   001167819   第二样本阅览室/ [索取号:H36/168:1] 在馆    
唐山师范学院图书馆 欢迎您!
大连网信软件有限公司© 版权所有